000 00694nam a2200253Ia 4500
003 OSt
005 20221005090653.0
006 a|||||r|||| 00| 0
007 ta
008 221004b |||||||| |||| 00| 0 eng d
024 _a103212
037 _cTextual
040 _aCRL
_cCRL
_beng
041 _2eng
_aeng
082 _aD65, K3
100 _aAzaroff Leonid V
_9458251
245 0 _aElectronic processes in materials
260 _aNew York
_bMcGraw-Hill Book Company Inc.
_c1973
500 _aDSK Collection
650 _aENGINEERING
700 _a bROPHY James j
_9499025
942 _hD65, K3
_cTEXL
_2cc
999 _c996180
_d996180